000
00308nam a22001337a 4500
008
170523b xxu||||| |||| 00| 0 eng d
020
_a
9780312163860
041
_a
eng
080
_a
94
100
_a
16
101
_a
SHH
245
_a
THE NUREMBERG WAR CRIMES TRIAL 1945-46
_c
MARRUS, M.R
942
_2
udc
_c
BK
999
_c
13885
_d
13885